000 00685nam a2200205Ia 4500
003 GCL
008 140319s9999 xx 000 0 ara d
040 _aGCL /
_cGCL
082 0 4 _a808.3
_bا ق
100 1 _aمحمود السمرة
245 1 0 _aالقصة السيكولوجية : دراسة فى علاقة علم النفس بفن القصة /
_cمحمود السمرة
700 1 _aايدل، ليون
260 _aبيروت :
_bمؤسسة فرنكلين للطباعة والنشر ،
_c1959
300 _a327 ص ؛
_c20سم
650 0 4 _aالادب
650 0 4 _aعلم النفس
650 0 4 _aالقصة
650 0 4 _aفن كتابة القصة
942 _2ddc
_cBK
999 _c41190
_d41190